Opinem per avançar : Avaluació de riscos psicosocials a la Diputació de Barcelona Avaluació de riscos psicosocials a la Diputació de Barcelona
Descripción Física:
1 tríptic ; il. col. ; 10 x 21 cm.
Idioma:
Catalán
MARC
| LEADER | 00000nam a22000007a 4500 | ||
|---|---|---|---|
| 001 | 27403 | ||
| 003 | Arxiu | ||
| 005 | 20260324181153.0 | ||
| 008 | 230227b spa||||| |||| 00| 0 cat d | ||
| 017 | |a B 16502-2022 | ||
| 040 | |a agdb |b cat | ||
| 041 | |a cat | ||
| 245 | |a Opinem per avançar : |b Avaluació de riscos psicosocials a la Diputació de Barcelona | ||
| 260 | |a Barcelona : |b Diputació de Barcelona ; |c 2022 | ||
| 300 | |a 1 tríptic ; |b il. col. ; |c 10 x 21 cm. | ||
| 650 | 0 | |a Seguretat en el treball |z Barcelona (Catalunya : Província) |x Aspectes psicològics | |
| 710 | |9 52182 |a Barcelona (Catalunya : Província). |b Oficina de Prevenció de Riscos Laborals | ||
| 942 | |2 udc |c ARXIU |n 1 | ||
| 952 | |0 0 |1 0 |2 udc |4 0 |6 FU7452 |7 1 |9 65343 |a Arxiu |b Arxiu |d 2023-02-27 |l 0 |o FU-74-52 |p 27403 |r 2023-02-27 00:00:00 |w 2023-02-27 |y ARXIU | ||
| 999 | |c 83088 |d 83088 | ||